| 000 | 01162 a2200217 4500 | ||
|---|---|---|---|
| 003 | Nust | ||
| 005 | 20230315122138.0 | ||
| 010 | _a 88014067 | ||
| 020 | _a0070654476 : | ||
| 040 | _cNust | ||
| 082 | 0 | 0 | _a621.3981,TUG |
| 100 | 1 |
_aTugal, Dogan A. _9110311 |
|
| 245 | 1 | 0 |
_aData Transmission / _cDogan A. Tugal, Osman Tugal. |
| 250 | _a2nd ed. | ||
| 260 |
_aNew York : _bMcGraw-Hill, _cc1989. |
||
| 300 |
_axiv, 493 p. : _bill. ; _c24 cm. |
||
| 505 | _aCommunications and Communications Links (Page-1), Transmission over Voice Grade Circuits (Page-21), Modulation Demodulation Binary Basebands and Modems (Page-89), Channel Capacity Increasing Methods and Packet Switching (Page-133), Multiplexing (Page-149), Synchronization (Page-177), Interfacing Protocols Information Codes Error Corrections (Page-197), Satellite Communication (Page-259), Monitoring and Testing on Operational Circuits (Page-285), Optical Fiber Transmission (Page-313), Shielding Grounding Protection of Systems and Static Electricity (Page-341), Local Area Networks (Page-389). | ||
| 650 | 0 |
_aData transmission systems. _917977 |
|
| 700 | 1 |
_aTugal, Osman. _9110312 |
|
| 942 |
_2ddc _cBK |
||
| 999 |
_c183995 _d183995 |
||